Poetas del desierto: antología
Sparad:
| Huvudupphovsman: | |
|---|---|
| Materialtyp: | Bok |
| Språk: | spanska |
| Publicerad: |
Valparaíso
La Cáfila
2004
|
| Ämnen: | |
| Taggar: |
Lägg till en tagg
Inga taggar, Lägg till första taggen!
|
MARC
| LEADER | 00000nam a2200000 a 4500 | ||
|---|---|---|---|
| 001 | UCK5534 | ||
| 003 | CL-VaPUC | ||
| 008 | 050805e20040000CL |||||||||||||||||spa|d | ||
| 020 | |a 9568142282 | ||
| 082 | 0 | 4 | |a Ch861 |b ANG |2 21 |
| 100 | 0 | |a Angel, Osvaldo |e author |9 494341 | |
| 245 | 1 | 0 | |a Poetas del desierto: antología |
| 300 | |a 139 p | ||
| 942 | |c BK | ||
| 945 | |d 20050805 00:00:00 |a cmena | ||
| 260 | |a Valparaíso |b La Cáfila |c 2004 | ||
| 650 | 0 | |a Poesía chilena |9 268403 | |
| 650 | 0 | |a Antologías |9 309836 | |
| 583 | |a last modification |c 20120511 11:50:22 |k Rodrigo Vera | ||
| 999 | |c 314040 |d 314038 | ||
| 952 | |0 0 |1 0 |4 0 |6 CH_861_000000000000000_ANG_2004 |7 0 |8 A |9 385920 |a BIBEDU |b BIBEDU |c ES_NOD |d 2019-11-22 |i 4150821 |o Ch861 ANG 2004 |p 4150821 |r 2023-08-09 |w 2019-11-22 |y BK |k LIT | ||